Sportler oder nicht Sudden Death - Statistiken

Allgemein
  • Dieses Quiz wurde 1.260 mal gespielt
  • Das Durchschnittsergebnis liegt bei 5 aus 7
Answers on the Grid
Answers color-coded by a green-red scale on the quiz's grid according to % correct below.
Rafael Nadal
Novak Djokovic
Taylor Swift
Wincent Weiss
Viktor Axelsen
Lin Dan
Noel Dederichs
Joshua Kimmich
Simon Will
Lee Chong Wei
Chen Long
 
Antwortstatistiken
Antwort % Korrekt
Rafael Nadal
99%
Joshua Kimmich
97%
Novak Djokovic
97%
Lee Chong Wei
59%
Chen Long
55%
Viktor Axelsen
50%
Lin Dan
46%
Keine übereinstimmenden Quizze gefunden
Verteilung der Resultate
Anzahl Personen mit jedem Resultat
Perzentil nach korrekt beantworteten Fragen
Ihre Resultats-Entwicklung
Sie haben dieses Quiz noch nicht gespielt